WWE Royal Rumble - Qui a éliminé Shawn Michaels ? - Statistiques

Statistiques générales
  • Ce quiz a été pris 164 fois
  • Le résultat moyen est 5 sur 10
Statistiques - réponses
Rumble Éliminé par % Correct
2007 The Undertaker
95%
2010 Batista
90%
2003 Chris Jericho
52%
2005 Kurt Angle
46%
1989 Arn Anderson et Randy Savage
35%
1994 Lex Luger
35%
2006 Shane McMahon
34%
2008 Mr. Kennedy
32%
1990 Ultimate Warrior
25%
1992 Tito Santana
5%
Aucun quiz correspondant
Distribution des résultats
% des personnes avec chaque résultat
Percentile par nombre de réponses
Votre historique - résultats
Vous n’avez pas pris ce quiz